The shorter novels of Herman Melville: Benito Cereno; Bartleby the scrivener;The encantadas, or Enchanted Isles; Billy Budd, Foretopman

Uloženo v:
Podrobná bibliografie
Hlavní autor: Melville, Herman
Médium: Kniha
Jazyk:Undetermined
Vydáno: New York, Estados Unidos Horace Liveright 1928
Témata:
Tagy: Přidat tag
Žádné tagy, Buďte první, kdo vytvoří štítek k tomuto záznamu!

MARC

LEADER 00000nam a2200000Ia 4500
008 170316s9999 xx 000 0 und d
040 |a cru BVZT 
090 |a 810 M-34sh 
100 |a Melville, Herman 
245 4 |a The shorter novels of Herman Melville: Benito Cereno; Bartleby the scrivener;The encantadas, or Enchanted Isles; Billy Budd, Foretopman 
260 |a New York, Estados Unidos 
260 |b Horace Liveright 
260 |c 1928 
300 |a 328 páginas 
650 |a LITERATURA ESTADOUNIDENSE 
650 |a NOVELA 
999 |c 5924  |d 5924 
942 |c 15 D  |h 810 M-34sh  |2 z